00406nam a22001337a 450000500170000000800410001704100130005808200130007110000130008424500350009726000850013230000290021765000260024620240521093340.0240521b |||||||| |||| 00| 0 eng d aEnglish  a349 LAW  lEnglish  aThe Law Reports: Appeal Cases  aLondon: bThe Incorporated Council of Law Reporting for England and Wales,c1966 bxv, 687 pages; c25 cm.  aLegal practice bLaw